| 000 | 01377cam a2200325 4500 | ||
|---|---|---|---|
| 001 | ABS63204 | ||
| 008 | 000000n2000 000 0 eng u | ||
| 035 | _a(Sirsi) u109480 | ||
| 100 | _aJohnston, B | ||
| 245 | _aDevil in the details of regional report | ||
| 260 | _c2000 | ||
| 490 |
_aPlanning (for the Natural and Built Environment) _v10 November 2000, 12-14(3) |
||
| 520 | _aFocus on the regional planning guidance (RPG) for the South West. Outlines concerns expressed by the South West Regional Assembly (SWRA) in their response to the public examination panel report published in August ("Planning", 11 August, p4). Key areas of contention include the high increase in housing provision focused in the 11 main urban areas, and the panel's insistance that RPG should highlight towns of sub-regional importance. Map of the region and details of 25 current major developments and proposals. | ||
| 590 | _aABS | ||
| 650 | _aREGIONAL PLANNING GUIDANCE | ||
| 650 | _aRPG | ||
| 650 | _aREGENERATION | ||
| 650 | _aHOUSING | ||
| 650 | _aURBAN DEVELOPMENT | ||
| 650 | _aPLANNING POLICY | ||
| 650 | _aSOUTH WEST ENGLAND | ||
| 650 | _aCORNWALL | ||
| 650 | _aDEVON | ||
| 650 | _aDORSET | ||
| 650 | _aSOMERSET | ||
| 650 | _aWILTSHIRE | ||
| 650 | _aGLOUCESTERSHIRE | ||
| 690 | _aENVIRONMENTAL AND LAND CONSULTANCY-PLANNING AND DEVELOPMENT | ||
| 942 | _n0 | ||
| 999 |
_c65360 _d65360 |
||